000 00260nam a2200097Ia 4500
001 655201
005 20250826154532.0
008 250824s9999 xx 000 0 und d
245 0 _aEce Yüce/Ece Yüce İle Nasıl Baş Edecek
_cGülten Dayıoğlu
260 _bALTIN
999 _c655201
_d655201